|
|
|
|
| LEADER |
01033nam a22002777a 4500 |
| 001 |
36009 |
| 003 |
BD-DhAAL |
| 005 |
20211206114402.0 |
| 008 |
200227r20062001si a|||| |||| 00| 0 eng d |
| 999 |
|
|
|c 42273
|d 42273
|
| 020 |
|
|
|a 9814027545
|
| 020 |
|
|
|a 9789814027540
|
| 040 |
|
|
|a BD-DhAAL
|
| 082 |
|
|
|a 420
|
| 100 |
|
|
|a Ling, Judy
|9 38414
|
| 245 |
|
|
|a English.
|n 2B,
|b Workbook /
|c Judy Ling ; Anne Smith
|
| 260 |
|
|
|a Singapore :
|b Federal Publications,
|c c2001 [second impression 2006]
|
| 300 |
|
|
|a ii, 96 pages :
|b illustrations ;
|c 26 cm.
|
| 526 |
|
|
|a BIED
|
| 541 |
|
|
|a Complimentary copy from BIED
|e 36009
|
| 650 |
|
|
|a English language
|x Problems, exercises, etc.
|9 38415
|
| 650 |
|
|
|a English language.
|9 38416
|
| 700 |
|
|
|a Smith, Anne
|9 38417
|
| 852 |
|
|
|a Ayesha Abed Library
|c BIED Collection
|
| 942 |
|
|
|2 ddc
|c BK
|
| 952 |
|
|
|0 0
|1 0
|2 ddc
|4 0
|6 420_000000000000000_LIN
|7 0
|9 68030
|a BRACUL
|b BRACUL
|c GEN
|d 2020-02-27
|e Complimentary copy from BIED
|l 0
|o 420 LIN
|p 3010036009
|r 2020-02-27
|t 1
|w 2020-02-27
|y BK
|x Transferred from BIED to General Stacks
|